|
|
|
|
| LEADER |
01085nam a22002297a 4500 |
| 001 |
31132 |
| 003 |
BD-DhAAL |
| 005 |
20160608121400.0 |
| 008 |
160608s2006 bg ||||| |||| 00| 0 eng d |
| 020 |
|
|
|a 98465560409
|
| 040 |
|
|
|a BD-DhAAL
|c BD-DhAAL
|
| 082 |
|
|
|2 23
|a 954.92
|
| 100 |
|
|
|a রশীদ, মোহাম্মদ হারুন অর
|9 19675
|
| 245 |
|
|
|a বাংলার সংগ্রামের ইতিহাস ১৭৭৫০-১৯৯০ /
|c মোহাম্মদ হারুন অর রশীদ
|
| 260 |
|
|
|a ঢাকা :
|b রামন পাবলিশার্স,
|c ২০০৬
|
| 300 |
|
|
|a ২৩২ পৃষ্ঠা :
|b চিত্র :
|c ২১ সে. মি.
|
| 541 |
|
|
|e 31132
|
| 651 |
|
|
|a Bangladesh
|x History
|x Revolution
|y 1775-1971
|9 19676
|
| 852 |
|
|
|a Ayesha Abed Library
|c General Stacks
|
| 942 |
|
|
|2 ddc
|c BK
|
| 999 |
|
|
|c 37606
|d 37606
|
| 952 |
|
|
|0 0
|1 0
|2 ddc
|4 0
|6 954_920000000000000_RAS
|7 0
|9 59133
|a BRACUL
|b BRACUL
|c BNC
|d 2016-06-08
|e Mohammad Haroun Ar Rashid
|l 10
|m 76
|o 954.92 RAS
|p 3010031132
|q 2025-11-16
|r 2024-12-04
|s 2024-12-04
|t 1
|w 2016-06-08
|y BK
|